000 01041nam a2200229Ia 4500
001 19012
005 20260408174647.0
008 260306s9999||||xx |||||||||||||| ||und||
041 _aESP
082 _a658.785
_bE79
100 _aEscudero Serrano, María José
_eAUT
245 0 _aAlmacenaje de productos
260 _c2014
300 _a363 páginas
_c27 cm.
650 _aGEN
654 _aCAN
856 _uhttps://itmsp.museknowledge.com/UCSP?url=https://www.ebooks7-24.com:443/?il=7586&pg=1
_zVéase además: Operaciones de almacenaje. Versión digital
856 _uhttps://0u213vo6q-y-https-ebooks7--24-com.itmsp.museknowledge.com/biblioteca.aspx
_zVéase además: Base de datos Ebook7-24
856 _uhttps://0u20yvo6t-y-https-www-bibliotechnia-com-mx.itmsp.museknowledge.com/
_zVéase además: Base de datos BiblioTechnia
856 _uhttps://0u20vvnxk-y-https-ebookcentral-proquest-com.itmsp.museknowledge.com/lib/catolicasp/home.action
_zVéase además: Base de datos ProQuest Ebook Central
942 _cLIB
_dJUS
_fJUS
_2ddc
999 _c19012
_d19012